000 00692cam a2200229 a 4500
001 000007900
005 20200929154337.0
008 910320s1989 sp 000 f spa
020 _a8432206105
035 _a(DLC) 91745695
040 _aDO-SdBNP
_cDLC
_dBNPHU
082 _a863.64
_bM364d
100 1 _aMarsé, Juan,
_q(Juan Marsé Carbó),
_d1933-
_921683
245 1 3 _aUn día volveré /
_cJuan Marsé.
260 _aBarcelona :
_bSeix Barral,
_c1989.
300 _a315 p. ;
_c21 cm.
490 1 _aBiblioteca breve
650 4 _aNovela española
_91123
650 4 _aLiteratura española
_ySIGLO XX
_93326
830 0 _aBiblioteca breve ;
_913442
910 _aCatalogación por copia / LC
999 _c7678
_d7678